000 00683nam a2200241Ia 4500
003 OSt
005 20220925220537.0
006 a|||||r|||| 00| 0
007 ta
008 220923b |||||||| |||| 00| 0 eng d
020 _a0333547756
037 _cGeneral Book
040 _aRTL
_cRTL
_beng
041 _2eng
_aeng
082 _aX9(J).1.N9, N3
245 0 _aCurrent issues in agricultural economics ed by A
260 _aLondon
_bMacmillan
_c1993
300 _axii,279p Bibliography: P 252-71
_ccm.
490 _aCurrent issues in economics
650 _aAgricultural economics
942 _hX9(J).1.N9, N3
_cGB
_2CC
999 _c571769
_d571769